000 00676cam a2200193 a 4500
020 _a047116660X (alk. paper)
040 _cDLC
082 0 0 _a526 WIL 1996 A031 Co.
100 1 _aSmith, James R.
245 1 0 _aIntroduction to geodesy :
_bthe history and concepts of modern geodesy /
260 _aNew York :
_bWiley,
_c1996.
300 _axv, 224 p. :
_bill., maps ;
_c24 cm.
500 _a"A Wiley-Interscience publication."
650 0 _aGeodesy.
856 4 2 _uhttp://www.loc.gov/catdir/bios/wiley047/96033301.html
856 4 2 _uhttp://www.loc.gov/catdir/description/wiley031/96033301.html
856 4 _uhttp://www.loc.gov/catdir/toc/onix01/96033301.html
942 _cEK
999 _c11779
_d11779